000
00345nam a2200157Ia 4500
003
Ost
005
20260225132555.0
008
260225s9999||||xx |||||||||||||| ||und||
040
_c
fsic
041
_a
fre
082
_a
440
100
_a
Jean Tulard
_e
Auteur
245
0
_a
Dictionnaire du cinéma /
245
0
_c
Jean Tulard
942
_c
كتاب
999
_c
34419
_d
34419